LEADER 01193nam a2200241 i 4500 001 000000151074 003 CaOOAMICUS 005 20060621000000.0 008 060621s2001 it u000 u ita u 013 $a128412 020 $a88-88534-02-4 040 $aSeMil$bita 100 1 $aFausti, Silvano,$c.$0(OLS)http://semarc/name/3825 245 10$a"Che cosa è l'uomo perchè te ne curi?" (Salmo 8) :$bla missione e la cura di Dio per l'umanità fino agli estremi confini della terra /$cSilvano Fausti ... [et al.]. 260 $a[S.l.] :$bPIMEdit,$cstampa 2001$e(Milano :$fGrafiche Boniardi,$gstampa 2001) 300 $a71 p. ;$c21 cm. 500 $aContiene : Appendice. 650 4$aMissioni - Spiritualità.$0(OLS)http://semarc/subject/1730 850 $aSeMil 852 $aSeMil$W1$xVenegono$y1$m809 3 *$j103119$B103119$CSeMilBibl$Z2$F112351 $81 996 $6020$a88-88534-02-4$9(OLS)http://semarc/number/140578 996 $6245$a"Che cosa è l'uomo perchè te ne curi?" (Salmo 8) :$bla missione e la cura di Dio per l'umanità fino agli estremi confini della terra$9(OLS)http://semarc/title/220818 996 $6260$a[S.l.] :$bPIMEdit$9(OLS)http://semarc/publisher/47176 LEADER 01147nam a2200289 i 4500 001 000000115929 003 CaOOAMICUS 005 20051107000000.0 008 051107s1992 it u000 u ita u 013 $a88618 020 $a88-04-35923-4 040 $aSeMil$bita 100 1 $aTolstoj, Lev Nikolàevi?,$d<1828-1910>.$0(OLS)http://semarc/name/3624 245 10$aRomanzi brevi /$cLev Tolstòj ; a cura di Igor Sibaldi. 260 $aMilano :$bArnoldo Mondadori Editore,$c1992. 300 $aXCI, 608 p. ;$c19 cm. 490 0 $aGrandi classici ;$v27 500 $aContiene : Nota bibliografica. - Fondo Ciprandi. 700 1 $aSibaldi, Igor,$d<1957- >.$0(OLS)http://semarc/name/3928 830 0$aGrandi classici ;$v27.$0(OLS)http://semarc/title/19391 850 $aSeMil 852 $aSeMil$W1$xVenegono$y1$m1V I 69$j71421$B71421$CSeMilBibl$Z2$F105349 $81 941 1 $a1 961 $aOmaggio: Ciprandi dott. Paolo 996 $6020$a88-04-35923-4$9(OLS)http://semarc/number/99873 996 $6245$aRomanzi brevi$9(OLS)http://semarc/title/114576 996 $6260$aMilano :$bArnoldo Mondadori Editore$9(OLS)http://semarc/publisher/30056